Logo BPK

Biblioteka

Politechniki Koszalińskiej

Praktisches Lehrbuch Polnisch / (Rekord nr 55179)

Szczegóły MARC
000 -ETYKIETA REKORDU
podpole kontrolne o stałej długości 01229nam a2200349 i 4500
001 - NUMER KONTROLNY REKORDU
pole kontrolne bg
020 ## - MIĘDZYNARODOWY ZNORMALIZOWANY NUMER KSIĄŻKI - ISBN
ISBN 9783468262630
020 ## - MIĘDZYNARODOWY ZNORMALIZOWANY NUMER KSIĄŻKI - ISBN
ISBN 3468262639
040 ## - ŹRÓDŁO KATALOGOWANIA
Instytucja, która utworzyła rekord BPK
041 0# - KOD JĘZYKA
Kod języka tekstu pol
-- ger
044 ## - KOD KRAJU WYDAWCY/PRODUCENTA
Kod kraju wydawcy/producenta DEU
080 ## - UNIWERSALNA KLASYFIKACJA DZIESIĘTNA - UKD
UKD 811.162.1(07)
920 ## - Międzynarodowy znormalizowany numer książki – ISBN
ISBN 978-3-468-26263-0
920 ## - Międzynarodowy znormalizowany numer książki – ISBN
ISBN 3-468-26263-9
008 - POLE O STAŁEJ DŁUGOŚCI - DANE KONTROLNE
podpole kontrolne o stałej długości s pl f |000 0 pol
100 1# - NAZWA OSOBOWA
Nazwa osobowa Majewska-Meyers, Małgorzata.
245 10 - TYTUŁ/ODPOWIEDZIALNOŚĆ
Tytuł Praktisches Lehrbuch Polnisch /
Pozostałe elementy strefy tytułu i oznaczenia odpowiedzialności von Małgorzata Majewska-Meyers in Zusammenarb. mit Sven Döring.
246 03 - WARIANT TYTUŁU
Tytuł Langenscheidt - Praktisches Lehrbuch Polnisch
260 ## - STREFA ADRESU WYDAWNICZEGO
Miejsce wydania Berlin [etc.] :
Nazwa wydawcy/dystrybutora Langenscheidt,
Data publikacji, dystrybucji/powstania dokumentu cop. 2006.
300 ## - STREFA OPISU FIZYCZNEGO
Objętość 320 s. :
Inne cechy fizyczne il. ;
Rozmiary 22 cm +
Dokument towarzyszący 4 dyski optyczne (CD-ROMy) + Begleitheft.
500 ## - UWAGI OGÓLNE
Tekst uwagi Na okł. podtyt. : Der Standardkurs für Selbstlerner.
500 ## - UWAGI OGÓLNE
Tekst uwagi Tyt. CD : Langenscheidt - Praktischer Sprachlehrgang Polnisch.
650 #9 - HASŁO PRZEDMIOTOWE W FORMIE NAZWY OGÓLNEJ LUB JEDNOSTKOWEJ
Nazwa ogólna lub geograficzna Język polski
650 #9 - HASŁO PRZEDMIOTOWE W FORMIE NAZWY OGÓLNEJ LUB JEDNOSTKOWEJ
Nazwa ogólna lub geograficzna Język polski
655 ## - TERMIN INDEKSOWY - OKREŚLENIE RODZAJU/FORMY DOKUMENTU
Określenie rodzaju/formy dokumentu Ćwiczenia i zadania
655 ## - TERMIN INDEKSOWY - OKREŚLENIE RODZAJU/FORMY DOKUMENTU
Określenie rodzaju/formy dokumentu Podręczniki
700 1# - HASŁO DODATKOWE - NAZWA OSOBOWA
Nazwa osobowa Döring, Sven
740 02 - HASŁO DODATKOWE - TYTUŁ DOKUMENTU ZWIAZANEGO/TYTUŁ PRACY WSPÓŁWYDANEJ
Tytuł Praktischer Sprachlehrgang Polnisch
740 02 - HASŁO DODATKOWE - TYTUŁ DOKUMENTU ZWIAZANEGO/TYTUŁ PRACY WSPÓŁWYDANEJ
Tytuł Langenscheidt - Praktischer Sprachlehrgang Polnisch
856 ## - LOKALIZACJA I DOSTĘP DO ELEKTRONICZNYCH DOKUMENTÓW ZDALNYCH
Link (URL) http://koha.tu.koszalin.pl/cgi-bin/koha/opac-detail.pl?biblionumber=55179
Tekst linku Katalog online BPK
942 ## - DODATKOWE ELEMENTY (KOHA)
Typ dokumentu Książka
Egzemplarze
Wycofany Status egzemplarza Uszkodzony Dostępność Lokalizacja stała Lokalizacja bieżąca Miejsce przechowywania Sygnatura Kod kreskowy Typ dokumentu
      Dostępny Biblioteka Politechniki Koszalińskiej Biblioteka Politechniki Koszalińskiej Wypożyczalnia BG 87954 02424279 Książka
© 2023 Biblioteka Politechniki Koszalińskiej :: KOHA